|
|
|
|
| LEADER |
00000nam0a2200000 4500 |
| 001 |
365898 |
| 005 |
20231102011829.0 |
| 035 |
|
|
|a (RuTPU)RU\TPU\retro\23261
|
| 090 |
|
|
|a 365898
|
| 100 |
|
|
|a 20220125d1979 km y0rusy50 ca
|
| 101 |
1 |
|
|a rus
|c fre
|
| 102 |
|
|
|a RU
|
| 105 |
|
|
|a a z 001zy
|
| 200 |
1 |
|
|a Теория второй вариации и ее приложения в оптимальном управлении
|e пер. с фр.
|f Р. Анрион
|g пер. В. Б. Колмановского, В. Р. Носова
|
| 210 |
|
|
|a Москва
|c Наука
|d 1979
|
| 215 |
|
|
|a 208 с.
|c ил.
|
| 320 |
|
|
|a Библиогр.: с. 199-207
|
| 606 |
1 |
|
|a Динамические системы сложные
|2 stltpush
|3 (RuTPU)RU\TPU\subj\69289
|9 84212
|
| 610 |
1 |
|
|a вариации
|
| 610 |
1 |
|
|a теория
|
| 610 |
1 |
|
|a приложения
|
| 610 |
1 |
|
|a оптимальное управление
|
| 610 |
1 |
|
|a сопряженные точки
|
| 610 |
1 |
|
|a движение
|
| 610 |
1 |
|
|a алгоритмы
|
| 610 |
1 |
|
|a начальные условия
|
| 675 |
|
|
|a 681.51.033
|v 4
|
| 700 |
|
1 |
|a Анрион
|b Р.
|
| 702 |
|
1 |
|a Колмановский
|b В. Б.
|4 730
|
| 702 |
|
1 |
|a Носов
|b В. Р.
|4 730
|
| 801 |
|
1 |
|a RU
|b 63413507
|c 20220125
|
| 942 |
|
|
|c BK
|